000 00733nam a22002057a 4500
999 _c13439
_d13439
008 190315b ||||| |||| 00| 0 eng d
020 _a9780809332168
082 _22012
_aAV-Eb 060.42
_bS631
100 _aSlaughter,Jim .
_937611
245 _aNotes and comments on Robert's rules /
_cJim Slaughter, Gaut Ragsdale, and Jon L. Ericson.
250 _aFourth Edition
260 _aUSA :
_bSouthern Illinois University Press,
_c©2012.
300 _a209 pages;
500 _aIncludes index.
650 _aParliamentary practice
_915745
700 _aRagsdale,Gaut.
_937612
700 _aEricson,Jon L.
_937613
856 _yhttps://ebookcentral.proquest.com/lib/uniofmindanao-ebooks/detail.action?docID=1354535
942 _2ddc
_cEB